|
|
|
|
| LEADER |
00000nab a2200000 a 4500 |
| 001 |
vtls000667557 |
| 003 |
SK-MaSNL |
| 005 |
20260304093027.0 |
| 008 |
250425c1998 xo 0 slo |
| 015 |
|
|
|a SNBRB1998/07-19617
|
| 035 |
|
|
|a CLN000019739
|
| 035 |
|
|
|a urn:nbn:sk:snk-abaigr
|
| 035 |
|
|
|a (urnnbn)urn:nbn:sk:snk:ar-007y3c
|
| 035 |
|
|
|a (uuid)b43bcfae-0530-4f5f-8a6a-daaf0c51cdd7
|
| 040 |
|
|
|a SNKBUCL
|b slo
|c SNKBUCL
|e AACR2
|
| 041 |
0 |
|
|a cze
|
| 044 |
|
|
|a xo
|c SK
|
| 080 |
|
|
|a 615.454.2.012
|2 1997
|
| 100 |
1 |
|
|a Musilová, Marie
|4 aut
|9 1191555
|
| 245 |
1 |
0 |
|a Vliv eukalyptové silice na obsah tuhé fáze v čípkovém základu
|c M. Musilová, G. Jirků
|
| 300 |
|
|
|b Obr., tab.
|
| 504 |
|
|
|a Res. angl., čes. Bibliogr. odkazy
|
| 650 |
0 |
7 |
|a eukalyptový olej
|2 snkbucl
|9 250843
|
| 650 |
0 |
7 |
|a čípky
|2 snkbucl
|9 1331417
|
| 655 |
|
7 |
|a články z novín a časopisov
|2 snkbucl
|9 267496
|
| 700 |
1 |
|
|a Jirků, G.
|4 aut
|9 1387654
|
| 773 |
0 |
|
|t Česká a slovenská farmacie
|g Roč. 47, č. 4 (1998), s. 176-178
|x 1210-7816
|
| 850 |
|
|
|a Slovenská národná knižnica
|
| 852 |
|
|
|a Slovenská národná knižnica
|
| 954 |
|
|
|a odborná, vedecká literatúra cudzojazyčná (svetová)
|2 lita
|
| 958 |
|
|
|a article14
|
| 958 |
|
|
|a OND
|
| 958 |
|
|
|a NB
|
| 958 |
|
|
|a EUIPO
|
| 999 |
|
|
|c 2821274
|d 2823204
|